000 00832nas a2200277 4500
001 BR8306290
003 BR-BrBNA
005 20231205085719.0
007 ta
008 230509b bl.|||p| |||| 00| 00por d
040 _aBR-BrBNA
_bpor
_cBiblioteca Nacional de Agricultura
041 _a(Pt)
072 _aH10
100 1 _aGassen, D.N.
100 1 _aTambasco, F.J.
245 1 _aControle biologico dos pulgoes do trigo no Brasil
650 _aCONTROLE BIOLOGICO
650 _aPULGAO
650 _aTRIGO
650 _aCONTROLE QUIMICO
650 _aPARASITO DE PLANTA
650 _aPREDADOR
773 0 _tInforme Agropecuario - Empresa de Pesquisa Agropecuaria de Minas Gerais (Brazil)
_xISSN 0100-3364
_g(Aug 1983), v. 9(104) p. 49-51
_wBR8306290
909 _a202311
_bLúcia
_c55
_dLúcia Elande
942 _2AGRIS
_n0
_cANA
999 _c113289
_d113289